Avance al estudio de las pinturas prehistóricas del extremo sur de España (Laguna de la Janda) / (Record no. 83434)

MARC details
000 -LEADER
campo de control de longitud fija 01041nam a2200217 i 4500
001 - NÚMERO DE CONTROL
campo de control 83434
003 - IDENTIFICADOR DE NÚMERO DE CONTROL
campo de control ES-MaACL
005 - FECHA Y HORA DE LA ÚLTIMA TRANSACCIÓN
campo de control 20260203063031.0
007 - CAMPO FIJO DE DESCRIPCIÓN FÍSICA--INFORMACIÓN GENERAL
campo de control de longitud fija t|
008 - DATOS DE LONGITUD FIJA--INFORMACIÓN GENERAL
campo de control de longitud fija 180530s1914 sp ||||1| spa d
100 1# - ENTRADA PRINCIPAL--NOMBRE DE PERSONA
Nombre de persona Cabré Aguiló, Juan,
Fechas asociadas al nombre 1882-1947
9 (RLIN) 33266
245 10 - MENCIÓN DEL TÍTULO
Título Avance al estudio de las pinturas prehistóricas del extremo sur de España (Laguna de la Janda) /
Mención de responsabilidad, etc. por Juan Cabré... y Eduardo Hernández-Pacheco.
260 ## - PUBLICACIÓN, DISTRIBUCIÓN, ETC.
Lugar de publicación, distribución, etc. Madrid :
Nombre del editor, distribuidor, etc. Museo Nacional de Ciencias Naturales,
Fecha de publicación, distribución, etc. 1914.
300 ## - DESCRIPCIÓN FÍSICA
Extensión 35 p., XIII lám. :
Otras características físicas il. ;
Dimensiones 28 cm.
490 1# - MENCIÓN DE SERIE
Mención de serie Trabajos de la Comisión de Investigaciones Paleontológicas y Prehistóricas ;
Designación de volumen o secuencia 3
594 ## - Nota al título y mención de responsabilidad
Nota al título y mención de responsabilidad Precede al tít.: Junta para Ampliación de Estudios e Investigaciones Científicas. Instituto Nacional de Ciencias Físico-Naturales.
700 1# - ENTRADA AGREGADA--NOMBRE PERSONAL
Nombre de persona Hernández-Pacheco, Eduardo,
Fechas asociadas al nombre 1872-1965
9 (RLIN) 63012
830 0# - PUNTO DE ACCESO ADICIONAL DE SERIE-TÍTULO UNIFORME
Título uniforme Trabajos de la Comisión de Investigaciones Paleontológicas y Prehistóricas ;
Designación de volumen o secuencia 3
9 (RLIN) 184854
852 ## - LOCALIZACIÓN
Ubicación ES-MaACL
Número de control de estantería B-12999(2)
Holdings
Estatus retirado Estado de pérdida Estado de daño No para préstamo Biblioteca de origen Biblioteca actual Ubicación en estantería Fecha de adquisición Fuente de adquisición Total de préstamos Signatura topográfica completa Código de barras Visto por última vez Precio de reemplazo Tipo de ítem Koha
        Biblioteca del Ateneo de Madrid Biblioteca del Ateneo de Madrid Sala Pardo Bazán 30/05/2018     B-12999(2) 1198906 23/02/2023 23/02/2023 Libro impreso